| 000 | 00555nam a22001817a 4500 | ||
|---|---|---|---|
| 005 | 20231115125538.0 | ||
| 008 | 231115b |||||||| |||| 00| 0 eng d | ||
| 020 | _a9780409078404 ; 9780639000428 | ||
| 041 | _aEnglish | ||
| 082 | _a344.1 LAW | ||
| 100 |
_avan Niekerk, A et al. _lEnglish |
||
| 245 |
_aLaw@work / _cA van Niekerk et al. |
||
| 250 | _aFourth Edition | ||
| 260 |
_aDurban : _bLexisNexis (Pty) Ltd, _c2018 |
||
| 300 |
_bviii, 612 pages ; _c24,5 cm. |
||
| 650 |
_aLegal practice _bLaw |
||
| 942 |
_cBK _6ALISON_BN_VRIES |
||
| 999 |
_c679 _d679 |
||